000 00426nam a2200157Ia 4500
008 220216s9999 xx 000 0 und d
100 _aTangboiboonrat P
245 0 _aCharacterization of non-crosslinked natural rubber latex by phase transfer technique
260 _bPolymer
_c1994
300 _a5144-5145
500 _aSource Year: 1995
700 _aKuhakarn S
700 _aSuchiva K
856 _uirrdb
942 _cJS
999 _c55438
_d55438